Zmluva o obchodnom zastúpení v domácej a v zahraničných právnych úpravách

Zjednotenie právnej úpravy obchodného zastúpenia so smernicou Rady ES.

Enregistré dans:
Détails bibliographiques
Auteur principal: Winkler, Martin, 1975-
Format: Chapitre de livre
Langue:slovaque
Sujets:
Tags: Ajouter un tag
Pas de tags, Soyez le premier à ajouter un tag!

MARC

LEADER 00000naa a2200000 4500
001 0228814
005 20240502073751.4
041 0 |a slo 
044 |a SK 
245 1 0 |a Zmluva o obchodnom zastúpení v domácej a v zahraničných právnych úpravách  |c Martin Winkler 
520 |a Zjednotenie právnej úpravy obchodného zastúpenia so smernicou Rady ES. 
610 2 0 |a zástupcovia obchodní 
610 2 0 |a zastupiteľstvá obchodné 
610 2 0 |a obchod zahraničný 
610 2 0 |a poriadok právny 
610 2 0 |a Slovensko 
610 2 0 |a zákonník obchodný 
100 1 |a Winkler, Martin, 1975-